<?xml version="1.0" encoding="utf-8"?>
<?xml-stylesheet type='text/xsl' href='./oai2.xsl'?>
<OAI-PMH xmlns="http://www.openarchives.org/OAI/2.0/" xmlns:xsi="http://www.w3.org/2001/XMLSchema-instance" xsi:schemaLocation="http://www.openarchives.org/OAI/2.0/ http://www.openarchives.org/OAI/2.0/OAI-PMH.xsd">
  <responseDate>2026-06-07T07:40:23Z</responseDate>
  <request verb="GetRecord" metadataPrefix="marcxml" identifier="record_kuniweb_1356342">https://kulturerbe.niedersachsen.de/oai</request>
  <GetRecord>
    <record>
      <header>
        <identifier>record_kuniweb_1356342</identifier>
        <datestamp>2021-03-18T07:59:46Z</datestamp>
        <setSpec>slg0250</setSpec>
      </header>
      <metadata>
        <marc:record xmlns:marc="http://www.loc.gov/MARC21/slim" xsi:schemaLocation="http://www.loc.gov/MARC21/slim http://www.loc.gov/standards/marcxml/schema/MARC21slim.xsd">
          <marc:leader>12345nm  22     uu 4500</marc:leader>
          <marc:controlfield tag="001">1356342</marc:controlfield>
          <marc:controlfield tag="003">http://kuniweb.gbv.de</marc:controlfield>
          <marc:controlfield tag="005">2021-02-25T17:02:14</marc:controlfield>
          <marc:controlfield tag="008">|           ||||||||||||||||||||||</marc:controlfield>
          <marc:datafield tag="245" ind1="1" ind2="0">
            <marc:subfield code="a">Bibel: „Die Bibel oder die ganze Heilige Schrift des Alten und Neuen Testaments“</marc:subfield>
          </marc:datafield>
          <marc:datafield tag="710" ind1="2" ind2=" ">
            <marc:subfield code="a">Privilegierte Württembergische Bibelanstalt</marc:subfield>
            <marc:subfield code="e">Lizenzgeber</marc:subfield>
            <marc:subfield code="e">Hersteller</marc:subfield>
          </marc:datafield>
          <marc:datafield tag="700" ind1="1" ind2=" ">
            <marc:subfield code="a">Schäfer</marc:subfield>
            <marc:subfield code="d">* 1878 † 1961</marc:subfield>
            <marc:subfield code="e">Künstler</marc:subfield>
          </marc:datafield>
          <marc:datafield tag="655" ind1=" " ind2="7">
            <marc:subfield code="a">Grafik</marc:subfield>
          </marc:datafield>
          <marc:datafield tag="046" ind1=" " ind2=" ">
            <marc:subfield code="k">1937</marc:subfield>
            <marc:subfield code="k">1937 (Ausgabe von 1937)</marc:subfield>
          </marc:datafield>
          <marc:datafield tag="260" ind1=" " ind2=" ">
            <marc:subfield code="g">1937</marc:subfield>
            <marc:subfield code="g">1937 (Ausgabe von 1937)</marc:subfield>
          </marc:datafield>
          <marc:datafield tag="300" ind1=" " ind2=" ">
            <marc:subfield code="a">Breite: 7,4 cm (Buchrücken)
Breite: 19,7 cm (Cover)
Höhe: 28,2 cm (Cover)</marc:subfield>
          </marc:datafield>
          <marc:datafield tag="520" ind1=" " ind2=" ">
            <marc:subfield code="a">Illustration von Rudolf Schäfer in Holzschnittmanier (Taenzer, Ulrike)

o.A.: "Die Bibel oder die ganze Heilige Schrift des Alten und Neuen Testaments nach der deutschen Übersetzung D. Martin Luthers." Ausgabe von 1937


Inhalte: 
Altes und Neues Testament
Anhang (Bildbeschreibungen, Schriftabschnitte und einzelne Schriftworte für besondere Fälle des Lebens, Bibellesetafel, Ordnung der biblischen Bücher, Familienchronik, Biblische Landkarten) (Literaturangaben aus der Bibel)

Aufschrift:
Goldprägung auf Buchrücken: "Die Heilige Schrift "; Goldprägung auf Buchdeckel: "Die Heilige Schrift mit Bildern von Rudolf Schäfer"; Dekor-Rahmen

Veröffentlicht in:
„Die Bibel : oder die ganze Heilige Schrift des Alten u. Neune Testaments“. Privileg. Württemberg. Bibelanst., Stuttgart, 1929. (ursprüngliche Ausgabe der Fassung des Exponates)</marc:subfield>
          </marc:datafield>
          <marc:datafield tag="650" ind1="1" ind2=" ">
            <marc:subfield code="a">Druckwesen, Schriftwesen &gt; Album, Buch, Heft, Katalog &gt; Buch</marc:subfield>
          </marc:datafield>
          <marc:datafield tag="650" ind1="1" ind2=" ">
            <marc:subfield code="a">Schriftgut</marc:subfield>
          </marc:datafield>
          <marc:datafield tag="650" ind1="1" ind2=" ">
            <marc:subfield code="a">Religion/Glaube</marc:subfield>
          </marc:datafield>
          <marc:datafield tag="773" ind1="0" ind2=" ">
            <marc:subfield code="t">Sammlung Rudolf-Schäfer-Haus</marc:subfield>
          </marc:datafield>
          <marc:datafield tag="852" ind1=" " ind2=" ">
            <marc:subfield code="a">Rudolf-Schäfer-Haus</marc:subfield>
          </marc:datafield>
          <marc:datafield tag="" ind1=" " ind2=" ">
            <marc:subfield code="a">Namensnennung-Nicht kommerziell 4.0 International (CC BY-NC 4.0)</marc:subfield>
          </marc:datafield>
        </marc:record>
      </metadata>
    </record>
  </GetRecord>
</OAI-PMH>
